JR本線の起終点 - Statistics

General Stats
  • This quiz has been taken 8 times
  • The average score is 56 of 62
Answer Stats
Hint Answer % Correct
宗谷本線起点 旭川
100%
宗谷本線終点 稚内
100%
根室本線終点2 根室
100%
函館本線起点 函館
100%
函館本線終点 旭川
100%
日高本線起点 苫小牧
100%
奥羽本線終点 青森
100%
東北本線起点 東京
100%
羽越本線終点 秋田
100%
信越本線終点3 新潟
100%
総武本線起点 東京
100%
総武本線終点 銚子
100%
中央本線終点 名古屋
100%
東海道本線起点 東京
100%
高山本線起点 岐阜
100%
関西本線起点 名古屋
100%
山陰本線起点 京都
100%
鹿児島本線終点2 鹿児島
100%
日豊本線起点 小倉
100%
日豊本線終点 鹿児島
100%
長崎本線起点 鳥栖
100%
長崎本線終点 長崎
100%
久大本線起点 久留米
100%
久大本線終点 大分
100%
豊肥本線起点 大分
100%
豊肥本線終点 熊本
100%
石北本線終点 網走
88%
釧網本線起点 東釧路
88%
釧網本線終点 網走
88%
根室本線起点1 滝川
88%
根室本線終点1 富良野
88%
根室本線起点2 新得
88%
室蘭本線起点 長万部
88%
日高本線終点 鵡川
88%
奥羽本線起点 福島
88%
東北本線終点 盛岡
88%
羽越本線起点 新津
88%
信越本線起点1 高崎
88%
信越本線終点2 長野
88%
信越本線起点3 直江津
88%
中央本線起点 神田
88%
中央本線起点 新宿
88%
東海道本線終点 神戸
88%
高山本線終点 富山
88%
紀勢本線終点 和歌山市
88%
北陸本線起点 敦賀
88%
北陸本線終点 米原
88%
山陽本線起点 神戸
88%
山陽本線終点 門司
88%
鹿児島本線終点1 八代
88%
鹿児島本線起点2 川内
88%
関西本線終点 JR難波
88%
石北本線起点 新旭川
75%
室蘭本線終点 岩見沢
75%
信越本線終点1 横川
75%
信越本線起点2 篠ノ井
75%
紀勢本線起点 亀山
75%
山陰本線終点 幡生
75%
鹿児島本線起点1 門司港
75%
筑豊本線起点 若松
63%
筑豊本線終点 原田
63%
中央本線終点 代々木
50%
No matching quizzes found
Score Distribution
Percent of People with Each Score
Percentile by Number Answered
Your Score History
You have not taken this quiz